| 000 | 01406cad a22002175a 4500 | ||
|---|---|---|---|
| 001 | E147869 | ||
| 008 | 090624e20090512xxk f v 000 0 eng d | ||
| 035 | _a(Sirsi) u147869 | ||
| 041 | 0 | _aeng | |
| 245 | 0 | 0 |
_aClarke v Murphy and Ors _h[electronic resource] |
| 260 | _c2009 | ||
| 520 | _aLP/18/2008, 12 May 2009. Concerns an application by C to modify or discharge restrictive covenants to allow the demolition of a property and the erection of new dwellings on land which she owns. This proposal was objected to by those on neighbouring plots on the Estate, although it had received outline planning permission. The preliminary issue under consideration related to whether there was reciprocity of obligations between the purchasers of the plots, of which C's plot was one, enabling certain of the neighbours to object to the proposal. Held: It was clear from evidence presented to the Tribunal that the original purchasers of the nine plots on the Estate were each aware that the obligations contained in the relevant covenants were reciprocal. | ||
| 521 | 2 | _aAdvanced | |
| 590 | _aKA | ||
| 650 | 2 | 4 | _aCLARKE V MURPHY AND ORS |
| 650 | 2 | 4 | _aLAW OF PROPERTY ACT 1925 S84 |
| 651 | 4 |
_aEngland and Wales _y1543- |
|
| 690 |
_aResidential property _96266 |
||
| 856 | 4 | 0 |
_uhttps://www.landstribunal.gov.uk/Aspx/view.aspx?id=596 _zView the judgment free of charge at www.landstribunal.gov.uk... |
| 942 | _n0 | ||
| 999 |
_c81661 _d81661 |
||